[Event "Asian Nations Cup 2016"]
[Site "Abu Dhabi UAE"]
[Date "2016.04.03"]
[Round "7.3"]
[White "Tamra, Attallah"]
[Black "Boshra, Alshaeby"]
[Result "1-0"]
[WhiteTitle "CM"]
[BlackTitle "WFM"]
[WhiteElo "2058"]
[BlackElo "2021"]
[WhiteTeam "Palestine"]
[BlackTeam "Jordan"]
[WhiteFideId "11500255"]
[BlackFideId "8102937"]
[EventDate "2016.03.28"]
[EventType "team"]

1. Nf3 g6 2. g3 Bg7 3. d4 c5 4. c4 Nf6 5. Nc3 b6 6. e4 cxd4 7. Nxd4 Bb7 8. Bg2
O-O 9. O-O Nc6 10. e5 Ne8 11. Nxc6 Bxc6 12. Bxc6 dxc6 13. f4 f6 14. Qa4 Qc7 15.
Ne4 Rd8 16. c5 h6 17. Be3 b5 18. Qb3+ Kh7 19. exf6 Nxf6 20. Nxf6+ Bxf6 21. Rad1
Kg7 22. f5 g5 23. Rde1 Rd5 24. Qb4 Qd7 25. Qg4 h5 26. Qxh5 Rxf5 27. Rxf5 Qxf5
28. Rf1 Qe5 29. Qf3 Rh8 30. Rf2 a5 31. Rd2 Qe6 32. b3 b4 33. Kg2 Qh3+ 34. Kg1
Qe6 35. Kg2 Qh3+ 36. Kg1 Qe6 37. Kg2 g4 38. Qf4 Rh5 39. Rd8 Qf5 40. Qxf5 Rxf5
41. Rc8 Re5 42. Kf2 Rh5 43. Kg1 Re5 44. Bd4 Re1+ 45. Kf2 Rh1 46. Kg2 Rc1 47.
Bxf6+ Kxf6 48. Rxc6+ e6 49. Rc8 Rc2+ 50. Kg1 Rxa2 51. c6 Ra1+ 52. Kf2 Ra2+ 53.
Ke3 Rc2 54. Kf4 Ke7 55. Ra8 Kd6 56. Rxa5 Rxh2 57. Rb5 Rd2 58. Rxb4 Kxc6 59. Ke5
Re2+ 60. Re4 Rb2 61. b4 Kd7 62. Rxg4 Re2+ 63. Re4 Rb2 64. g4 Ke7 65. g5 Rg2 66.
Kf4 Kd6 67. Rd4+ Kc6 68. Rd3 e5+ 69. Kf5 e4 70. Rb3 Kd5 71. b5 Rf2+ 72. Kg4 Rg2+
73. Kh4 Kd4 74. b6 e3 75. b7 e2 76. Rb1 Rh2+ 77. Kg3 Rh8 78. Kf2 Rh2+ 79. Kf3
e1=Q 80. Rxe1 Rb2 81. Re7 Kd5 82. g6 Kd6 83. g7 Kd5 1-0

[Event "Asian Nations Cup 2016"]
[Site "Abu Dhabi UAE"]
[Date "2016.04.03"]
[Round "7.4"]
[White "Alattar, Ghayda M."]
[Black "Al-Takrori, Husam"]
[Result "1-0"]
[WhiteTitle "WFM"]
[WhiteElo "1952"]
[BlackElo "2007"]
[WhiteTeam "Jordan"]
[BlackTeam "Palestine"]
[WhiteFideId "8101531"]
[BlackFideId "11501243"]
[EventDate "2016.03.28"]
[EventType "team"]

1. d4 Nf6 2. Nc3 c5 3. d5 d6 4. e4 g6 5. Bb5+ Nbd7 6. a4 Bg7 7. Nf3 O-O 8. h3 a6
9. Be2 b6 10. O-O Bb7 11. Re1 Ne8 12. Bf4 Nc7 13. Bc4 Ne5 14. Nxe5 dxe5 15. Bg3
Qd6 16. Qe2 Kh8 17. Rad1 Bc8 18. f4 Bb7 19. f5 Bc8 20. Rf1 Bd7 21. Bh4 Bf6 22.
Bxf6+ exf6 23. Rf3 g5 24. Rg3 h6 25. h4 Kg7 26. Qh5 Rh8 27. Be2 Rag8 28. Rf1 Kf8
29. b3 Ke7 30. Bd3 Ra8 31. Rh3 b5 32. axb5 axb5 33. Kh2 b4 34. Nd1 Rag8 35. Ne3
Bb5 36. Qe2 Qa6 37. d6+ Kxd6 38. Rd1 Ke7 39. Bxb5 Nxb5 40. Nd5+ Kf8 41. Nxf6
Qxf6 42. Qxb5 g4 43. Qxc5+ Kg7 44. Rhd3 Qxh4+ 45. Kg1 Re8 46. g3 Qe7 47. Rd6 Qb7
48. Qe3 Qc8 49. Qe2 Rd8 50. Qxg4+ Kh7 51. Qh5 1-0

[Event "Asian Nations Cup 2016"]
[Site "Abu Dhabi UAE"]
[Date "2016.04.03"]
[Round "7.1"]
[White "Khusenkhojaev, Muhammad"]
[Black "Asefi, Zaheeruddeen"]
[Result "1-0"]
[WhiteTitle "IM"]
[BlackTitle "FM"]
[WhiteElo "2416"]
[BlackElo "2020"]
[WhiteTeam "Tajikistan"]
[BlackTeam "Afghanistan"]
[WhiteFideId "14700247"]
[BlackFideId "11700025"]
[EventDate "2016.03.28"]
[EventType "team"]

1. Nf3 Nf6 2. c4 e6 3. g3 d5 4. d4 Be7 5. Bg2 c6 6. Nc3 O-O 7. O-O Nbd7 8. b3 a5
9. Qc2 Bd6 10. Rd1 b6 11. e4 dxe4 12. Nxe4 Be7 13. Ne5 Bb7 14. Nxf6+ Bxf6 15.
Nxc6 Qc7 16. Bf4 Qc8 17. Qe4 Kh8 18. Rac1 Re8 19. d5 exd5 20. Qf5 g6 21. Qxd5
Ne5 22. Bxe5 Bxe5 23. Qxf7 Rf8 24. Nxe5 Rxf7 25. Rd8+ Kg7 26. Rxc8 Rxc8 27. Nxf7
Bxg2 28. Nd6 Rc6 29. Kxg2 Rxd6 30. c5 bxc5 31. Rxc5 a4 32. Rc7+ Kg8 33. Rb7 Rd2
34. bxa4 Rxa2 35. Ra7 g5 36. Kf3 g4+ 37. Kxg4 Rxf2 38. h4 Rg2 39. h5 h6 40. a5
Rb2 41. Kf5 Rb5+ 42. Kg6 Rg5+ 43. Kxh6 Rxg3 44. a6 Ra3 45. Ra8+ Kf7 46. Kh7 Ra5
47. h6 1-0

[Event "Asian Nations Cup 2016"]
[Site "Abu Dhabi UAE"]
[Date "2016.04.03"]
[Round "7.4"]
[White "Amini, Habibullah"]
[Black "Antonova, Nadezhda"]
[Result "1-0"]
[BlackTitle "WFM"]
[WhiteElo "1995"]
[BlackElo "1956"]
[WhiteTeam "Afghanistan"]
[BlackTeam "Tajikistan"]
[WhiteFideId "11700777"]
[BlackFideId "14700182"]
[EventDate "2016.03.28"]
[EventType "team"]

1. d4 d6 2. Nf3 Bg4 3. e3 Nd7 4. Bc4 e6 5. O-O Ngf6 6. b3 Be7 7. Bb2 O-O 8. Nbd2
c6 9. Be2 Re8 10. c4 c5 11. Qc2 Rc8 12. h3 Bh5 13. Rac1 Bf8 14. Rfd1 cxd4 15.
Nxd4 Bxe2 16. Nxe2 b5 17. Qb1 bxc4 18. Nxc4 d5 19. Ne5 Nxe5 20. Bxe5 Nd7 21. Bg3
Ba3 22. Rxc8 Qxc8 23. e4 Nf6 24. exd5 Nxd5 25. Qe4 Qc5 26. Rd4 h6 27. Kh2 Qe7
28. Rc4 Bd6 29. Nf4 Nb6 30. Rc6 Bxf4 31. Bxf4 Nd5 32. Be5 Qd7 33. Rc1 Rc8 34.
Rd1 Qe7 35. Bxg7 Kxg7 36. Rxd5 Qc7+ 37. Qe5+ Qxe5+ 38. Rxe5 Rc2 39. Ra5 Rxf2 40.
Rxa7 Rb2 41. Kg3 Kg6 42. Ra6 Kf5 43. Kf3 h5 44. g3 Rd2 45. Ra5+ e5 46. g4+ hxg4+
47. hxg4+ Kf6 48. Ra4 Kg5 49. Re4 f6 50. a4 Rd3+ 51. Re3 Rd4 52. a5 Rf4+ 53. Ke2
Rxg4 54. Kd2 Kf4 55. b4 e4 56. a6 Rg2+ 57. Re2 Rg3 58. Rf2+ Ke5 59. Kc1 e3 60.
Rc2 Rg1+ 61. Kb2 Rg8 62. Kc3 Ke4 63. Ra2 Rc8+ 64. Kb3 Kd3 65. a7 e2 66. Rxe2
Kxe2 67. b5 Kd3 68. b6 Rc3+ 69. Kb4 Rc8 70. b7 Rc4+ 71. Kb5 Kd4 1-0

[Event "Asian Nations Cup 2016"]
[Site "Abu Dhabi UAE"]
[Date "2016.04.03"]
[Round "7.1"]
[White "Zayed, Ali Al-hamed"]
[Black "Hamdan, Marshool"]
[Result "0-1"]
[BlackTitle "FM"]
[WhiteElo "1987"]
[BlackElo "2003"]
[WhiteTeam "UAE - 3"]
[BlackTeam "UAE - 2"]
[WhiteFideId "9303340"]
[BlackFideId "9303804"]
[EventDate "2016.03.28"]
[EventType "team"]

1. e4 d6 2. d4 Nf6 3. Nc3 g6 4. Nf3 Bg7 5. Be2 c6 6. a4 Nbd7 7. Bf4 O-O 8. O-O
Nh5 9. Bg5 h6 10. Be3 e5 11. dxe5 dxe5 12. Qd2 Kh7 13. Rfd1 Qe7 14. a5 Re8 15.
a6 b5 16. Qd6 Qxd6 17. Rxd6 Nb8 18. Rad1 Be6 19. Ra1 Nf4 20. Bf1 Bc8 21. Bxf4
exf4 22. e5 Bxa6 23. Ne4 Bxe5 24. Nxe5 Rxe5 25. Nf6+ Kg7 26. Nd7 Nxd7 27. Rxd7
Bc8 28. Rdxa7 Rxa7 29. Rxa7 Bf5 30. Ra1 Bxc2 31. Rc1 Be4 32. f3 Bd5 33. Rd1 Kf6
34. Rd4 g5 35. Kf2 c5 36. Rd1 c4 37. Rd2 Be6 38. Rd6 Rd5 39. Rxd5 Bxd5 40. Ke2
Ke5 41. Kd2 Kd4 42. Be2 b4 43. Bd1 c3+ 44. bxc3+ bxc3+ 45. Ke2 Bc4+ 0-1

[Event "Asian Nations Cup 2016"]
[Site "Abu Dhabi UAE"]
[Date "2016.04.03"]
[Round "7.2"]
[White "Ahmed, Fareed"]
[Black "Mansour, Abbas"]
[Result "1-0"]
[WhiteTitle "FM"]
[WhiteElo "1995"]
[BlackElo "1818"]
[WhiteTeam "UAE - 2"]
[BlackTeam "UAE - 3"]
[WhiteFideId "9303677"]
[BlackFideId "9301402"]
[EventDate "2016.03.28"]
[EventType "team"]

1. e4 e5 2. Nf3 Nc6 3. Bb5 a6 4. Ba4 Nf6 5. d3 b5 6. Bb3 Be7 7. O-O O-O 8. Nbd2
d6 9. c3 Na5 10. Bc2 c5 11. Re1 Re8 12. Nf1 Nc6 13. Ng3 Bf8 14. h3 Ra7 15. d4
Rd7 16. dxc5 dxc5 17. Qe2 g6 18. Nh2 h6 19. Qf3 Kh7 20. Be3 Qe7 21. Bxc5 Qxc5
22. Qxf6 Bg7 23. Qf3 Rd2 24. Rac1 Nb4 25. cxb4 1-0

[Event "Asian Nations Cup 2016"]
[Site "Abu Dhabi UAE"]
[Date "2016.04.03"]
[Round "7.3"]
[White "Al-Zaabi, Sultan"]
[Black "Faisal, Ali"]
[Result "0-1"]
[WhiteTitle "CM"]
[WhiteElo "1817"]
[BlackElo "1827"]
[WhiteTeam "UAE - 3"]
[BlackTeam "UAE - 2"]
[WhiteFideId "9307583"]
[BlackFideId "9303758"]
[EventDate "2016.03.28"]
[EventType "team"]

1. d4 Nf6 2. g3 e6 3. Bg2 d5 4. Nf3 c5 5. O-O Nc6 6. dxc5 Bxc5 7. Nbd2 b6 8. Nb3
Be7 9. Bf4 Bb7 10. Nbd4 Rc8 11. Nxc6 Bxc6 12. Ne5 Ba8 13. c4 O-O 14. Rc1 Bd6 15.
Qd4 Bxe5 16. Bxe5 Rxc4 17. Rxc4 dxc4 18. Qxc4 Bxg2 19. Kxg2 Qa8+ 20. Kg1 Rc8 21.
Qd4 Rd8 22. Qh4 Ne8 23. Bc3 Qd5 24. e4 Qd7 25. Re1 f6 26. Qf4 e5 27. Qe3 Nc7 28.
f4 exf4 29. gxf4 Re8 30. Qg3 Qc6 31. e5 Qc5+ 32. Kg2 Qd5+ 33. Kg1 f5 34. e6 g6
35. Re5 Qd1+ 36. Re1 Qd6 37. Re5 Rxe6 38. Qe3 Rxe5 39. Bxe5 Qd1+ 40. Kf2 Qc2+
41. Kg3 Nd5 42. Qd4 Qe4 43. a3 Qxd4 44. Bxd4 Kf7 45. Be5 Ke6 46. Kh4 Ne3 47. h3
Nc4 48. Bc3 Nd6 49. Be5 Nf7 50. Bb8 a6 51. a4 b5 52. axb5 axb5 53. b4 Kd5 54.
Ba7 h6 55. Kg3 Kc4 56. Bc5 Nd8 57. Bf8 Ne6 58. Bd6 Kd5 59. Be7 Ke4 60. Bd6 g5
61. fxg5 hxg5 62. Kf2 f4 63. Be7 f3 64. Bf6 Nf4 65. h4 gxh4 66. Bxh4 Nd3+ 67.
Kf1 Nxb4 68. Ke1 Nd3+ 69. Kd2 b4 70. Kc2 f2 71. Bxf2 Nxf2 72. Kb3 Nd3 73. Kc4
Ke3 74. Kb3 Kd2 75. Ka2 Kc2 76. Ka1 Nc5 77. Ka2 b3+ 78. Ka3 b2 0-1

[Event "Asian Nations Cup 2016"]
[Site "Abu Dhabi UAE"]
[Date "2016.04.03"]
[Round "7.4"]
[White "Abdulla, Al-Hamed"]
[Black "Ali, Abdulaziz"]
[Result "1/2-1/2"]
[WhiteElo "1871"]
[BlackElo "1910"]
[WhiteTeam "UAE - 2"]
[BlackTeam "UAE - 3"]
[WhiteFideId "9302328"]
[BlackFideId "9304347"]
[EventDate "2016.03.28"]
[EventType "team"]

1. e4 e6 2. Nf3 d5 3. e5 c5 4. b4 b6 5. c3 Nh6 6. bxc5 bxc5 7. d4 Nf5 8. Bd3 Nc6
9. O-O Bd7 10. Bc2 cxd4 11. cxd4 Qb6 12. Bxf5 exf5 13. Nc3 Be6 14. Qa4 Be7 15.
Rb1 Qc7 16. Nb5 Qd7 17. Ba3 O-O 18. Bxe7 Nxe7 19. Qa3 h6 20. Rb3 Nc6 21. Rc1
Rab8 22. h3 Rb6 23. Nd6 Rfb8 24. Rcb1 Qc7 25. Qa4 Bd7 26. Rxb6 Rxb6 27. Qc2 g6
28. h4 Qb8 29. Rxb6 Qxb6 30. Qd2 Kg7 31. h5 Qb4 32. Qe3 Qb1+ 1/2-1/2

[Event "Asian Nations Cup 2016"]
[Site "Abu Dhabi UAE"]
[Date "2016.04.03"]
[Round "7.1"]
[White "Alrashidi, Yousef"]
[Black "Shrestha, Bilam Lal"]
[Result "0-1"]
[BlackTitle "FM"]
[WhiteElo "1631"]
[BlackElo "2026"]
[WhiteTeam "Kuwait"]
[BlackTeam "Nepal"]
[WhiteFideId "10300910"]
[BlackFideId "12300047"]
[EventDate "2016.03.28"]
[EventType "team"]

1. e4 e5 2. Nf3 Nc6 3. Bb5 d6 4. O-O Bd7 5. Nc3 Nf6 6. d4 exd4 7. Nxd4 Nxd4 8.
Bxd7+ Qxd7 9. Qxd4 Be7 10. Re1 O-O 11. Qd1 Rfe8 12. Bf4 Qc6 13. Nd5 Nxd5 14.
exd5 Qb5 15. b3 Bf6 16. Rb1 Rxe1+ 17. Qxe1 Qxd5 18. Qe3 Qd4 19. Qf3 Re8 20. Be3
Qe4 21. Qxe4 Rxe4 22. Rd1 b6 23. Kf1 Kf8 24. Ke2 Ke7 25. f3 Re6 26. f4 c6 27. c4
g6 28. Kf3 Bg7 29. g4 f5 30. g5 Re4 31. h4 Ke6 32. h5 d5 33. cxd5+ cxd5 34. hxg6
hxg6 35. Rc1 Kd7 36. Rh1 d4 37. Bd2 Kc6 38. Re1 Rxe1 39. Bxe1 Bf8 40. Ke2 Bd6
41. Bd2 Kd5 42. Kd3 Ba3 43. Be1 Bc1 44. Bg3 a5 45. Bh2 b5 46. Kc2 Be3 47. Kd3
Kc5 48. a3 Bc1 49. Bg1 Bxf4 50. Bxd4+ Kd5 51. Bf6 a4 52. bxa4 bxa4 53. Bd8 Bd6
54. Kc3 Bxa3 55. Bc7 Bd6 0-1

[Event "Asian Nations Cup 2016"]
[Site "Abu Dhabi UAE"]
[Date "2016.04.03"]
[Round "7.2"]
[White "Shrestha, Rajendra Prasad"]
[Black "AlShourfaa, Hazaa"]
[Result "0-1"]
[WhiteElo "1922"]
[BlackElo "1808"]
[WhiteTeam "Nepal"]
[BlackTeam "Kuwait"]
[WhiteFideId "12300489"]
[BlackFideId "10300198"]
[EventDate "2016.03.28"]
[EventType "team"]

1. e4 Nc6 2. Bc4 Nf6 3. Nc3 e5 4. Nf3 Bc5 5. O-O O-O 6. a3 a6 7. d3 h6 8. h3 d6
9. Be3 Be6 10. Bxe6 fxe6 11. Bxc5 dxc5 12. Ne2 Qe7 13. c3 Rad8 14. Qc2 a5 15.
Ng3 Nh7 16. Rad1 Rf7 17. Rde1 Rdf8 18. Re3 Qf6 19. Qb3 b6 20. Qb5 Nd8 21. b4
axb4 22. axb4 Ng5 23. bxc5 Nxf3+ 24. Rxf3 Qg5 25. Rxf7 Rxf7 26. cxb6 cxb6 27.
Qxb6 h5 28. Nxh5 Rb7 29. Qd6 Nf7 30. Qxe6 Re7 31. Qc8+ Kh7 32. Qf5+ g6 33. Qxg5
Nxg5 34. Nf6+ Kg7 35. Nd5 Re8 36. f4 exf4 37. Rxf4 Ne6 38. Rf3 Nc5 39. Kf2 Nb3
40. Ke3 Nc5 41. c4 Rf8 42. Rxf8 Kxf8 43. d4 Ne6 44. Nf4 0-1

[Event "Asian Nations Cup 2016"]
[Site "Abu Dhabi UAE"]
[Date "2016.04.03"]
[Round "7.3"]
[White "Al Azmi, Khalaf"]
[Black "Shrestha, Sujendra Prasad"]
[Result "0-1"]
[BlackTitle "FM"]
[WhiteElo "1842"]
[BlackElo "1893"]
[WhiteTeam "Kuwait"]
[BlackTeam "Nepal"]
[WhiteFideId "10300040"]
[BlackFideId "12300519"]
[EventDate "2016.03.28"]
[EventType "team"]

1. e4 c5 2. Nf3 d6 3. d4 cxd4 4. Nxd4 Nf6 5. Nc3 a6 6. Bc4 e5 7. Nf3 Be7 8. h3
O-O 9. O-O h6 10. Be3 Nc6 11. a3 Be6 12. Qe2 Rc8 13. Bd5 Bxd5 14. Nxd5 Nxd5 15.
exd5 Nb8 16. c4 f5 17. Rfe1 Nd7 18. b4 Bf6 19. Rac1 a5 20. Bd2 axb4 21. axb4 e4
22. Nh2 Ne5 23. Red1 Nd3 24. Rc2 Bd4 25. Be3 Bxe3 26. Qxe3 Nxb4 27. Rc3 Na6 28.
Rb1 Nc5 29. Nf1 Qf6 30. Rc2 f4 31. Qe1 Rce8 32. Qc3 Re5 33. Nh2 h5 34. Nf1 Qg6
35. Rb5 f3 36. Ne3 Nd3 37. g3 Rg5 38. Kh2 Nxf2 39. Rxf2 Rxg3 40. Rxb7 Rg1 41.
Ng4 Rd1 42. Qc2 hxg4 43. hxg4 Qh6+ 0-1

[Event "Asian Nations Cup 2016"]
[Site "Abu Dhabi UAE"]
[Date "2016.04.03"]
[Round "7.4"]
[White "Baidya, Arun Shankar"]
[Black "Al-Hajiri, Bader"]
[Result "0-1"]
[BlackTitle "CM"]
[WhiteElo "1719"]
[BlackElo "2194"]
[WhiteTeam "Nepal"]
[BlackTeam "Kuwait"]
[WhiteFideId "12305251"]
[BlackFideId "10300163"]
[EventDate "2016.03.28"]
[EventType "team"]

1. e4 e5 2. Nf3 Nc6 3. Bc4 Nf6 4. Ng5 d5 5. exd5 Na5 6. Bb5+ c6 7. dxc6 bxc6 8.
Be2 h6 9. Nf3 e4 10. Ng1 Bc5 11. d4 Qxd4 12. Qxd4 Bxd4 13. c3 Bb6 14. Bf4 Nd5
15. Bd6 Be6 16. Ba6 Rd8 17. Ba3 Nf4 18. Bf1 Bc4 19. Ne2 Nd3+ 20. Kd2 Nxf2+ 21.
Nd4 Nxh1 22. Bxc4 Nxc4+ 23. Ke2 Bxd4 24. cxd4 e3 25. Bc5 Nf2 26. b3 Nb6 27. Kxe3
Ng4+ 28. Kf4 Nf6 29. Nc3 Nbd5+ 30. Nxd5 Nxd5+ 31. Kf3 f5 32. Bxa7 O-O 33. Bc5
Rfe8 34. a4 Re3+ 35. Kf2 Rde8 36. a5 Re2+ 37. Kf1 Rb2 38. Re1 Ne3+ 39. Kg1 Re4
40. d5 Ng4 41. Ra1 Ree2 42. a6 Rxg2+ 43. Kf1 Rbe2 44. a7 Nxh2# 0-1

[Event "Asian Nations Cup 2016"]
[Site "Abu Dhabi UAE"]
[Date "2016.04.04"]
[Round "8.1"]
[White "Adhiban, Baskaran"]
[Black "Dzhumaev, Marat"]
[Result "1-0"]
[WhiteTitle "GM"]
[BlackTitle "GM"]
[WhiteElo "2663"]
[BlackElo "2481"]
[WhiteTeam "India"]
[BlackTeam "Uzbekistan"]
[WhiteFideId "5018471"]
[BlackFideId "14200236"]
[EventDate "2016.03.28"]

1. d4 d5 2. c4 c6 3. Nc3 Nf6 4. cxd5 cxd5 5. Bf4 Nc6 6. e3 Bg4 7. Qb3 Na5 8.
Qa4+ Bd7 9. Qc2 Rc8 10. Nf3 e6 11. Bd3 Be7 12. O-O O-O 13. Ne5 a6 14. Rac1 Nc4
15. Qe2 Nd6 16. Rc2 b5 17. Rfc1 Qb6 18. Nxd7 Nxd7 19. Bxd6 Bxd6 20. Nxd5 Rxc2
21. Bxh7+ 1-0

[Event "Asian Nations Cup 2016"]
[Site "Abu Dhabi UAE"]
[Date "2016.04.04"]
[Round "8.2"]
[White "Barsov, Alexei"]
[Black "Vidit, Santosh Gujrathi"]
[Result "1/2-1/2"]
[WhiteTitle "GM"]
[BlackTitle "GM"]
[WhiteElo "2460"]
[BlackElo "2648"]
[WhiteTeam "Uzbekistan"]
[BlackTeam "India"]
[WhiteFideId "14200082"]
[BlackFideId "5029465"]
[EventDate "2016.03.28"]

1. d4 Nf6 2. c4 e6 3. Nc3 Bb4 4. Nf3 b6 5. e3 Ne4 6. Qc2 Bb7 7. Bd3 f5 8. O-O
Bxc3 9. bxc3 O-O 10. c5 d6 11. cxd6 Nxd6 12. Ne5 Nd7 13. Ba3 Re8 14. Nxd7 Qxd7
15. f3 Rad8 16. e4 fxe4 17. fxe4 e5 18. d5 c5 19. c4 Ba6 20. Rfb1 Rc8 21. Bc1 b5
22. cxb5 Bxb5 23. Bxb5 Nxb5 24. Qa4 a6 25. Be3 c4 26. Rc1 Qg4 27. Qxa6 Qxe4 28.
Qxb5 Qxe3+ 29. Kh1 Qc5 30. a4 Qxb5 31. axb5 Red8 32. b6 Rxd5 33. b7 Rb8 34. Ra8
Rdd8 35. Kg1 Rxa8 36. bxa8=Q Rxa8 37. Rxc4 Rf8 38. Rc5 Rf5 39. g4 Rf4 40. Rxe5
Rxg4+ 41. Kf2 Kf7 42. Ra5 Kg6 43. h3 Rg5 44. Ra6+ Kh5 45. Ra4 Rg6 46. Rc4 Ra6
47. Kg3 Ra3+ 48. Kg2 Re3 49. Rc7 Kg6 50. Ra7 Kf6 51. Ra6+ Re6 52. Ra7 h5 53. h4
Re4 54. Kg3 g6 55. Ra3 Kf5 56. Rf3+ Ke5 57. Rf8 Re3+ 1/2-1/2

[Event "Asian Nations Cup 2016"]
[Site "Abu Dhabi UAE"]
[Date "2016.04.04"]
[Round "8.3"]
[White "Sasikiran, Krishnan"]
[Black "Fayzullaev, Akmal"]
[Result "1/2-1/2"]
[WhiteTitle "GM"]
[BlackTitle "FM"]
[WhiteElo "2637"]
[BlackElo "2405"]
[WhiteTeam "India"]
[BlackTeam "Uzbekistan"]
[WhiteFideId "5004985"]
[BlackFideId "14200554"]
[EventDate "2016.03.28"]

1. d4 Nf6 2. c4 c5 3. d5 b5 4. cxb5 a6 5. bxa6 Bxa6 6. Nc3 d6 7. Nf3 g6 8. Nd2
Bg7 9. e4 Bxf1 10. Nxf1 O-O 11. Ne3 Nbd7 12. O-O Qa5 13. Qc2 Rfb8 14. Bd2 Nb6
15. b3 Qa6 16. a4 Ne8 17. h4 Bd4 18. Ra2 Nd7 19. Nc4 Ne5 20. Ne2 Nxc4 21. bxc4
Bf6 22. h5 Rb7 23. Nf4 Rab8 24. Nd3 Rb3 25. Re1 Bd4 26. e5 dxe5 27. Nxe5 Qf6 28.
Ng4 Qh4 29. Qe4 Qxh5 30. Nh6+ Kg7 31. Qxe7 R3b7 32. Qg5 Qxg5 33. Bxg5 Nd6 34.
Ng4 Nxc4 35. Bh6+ Kg8 36. Ne3 1/2-1/2

[Event "Asian Nations Cup 2016"]
[Site "Abu Dhabi UAE"]
[Date "2016.04.04"]
[Round "8.4"]
[White "Egin, Vladimir"]
[Black "Sengupta, Deep"]
[Result "1/2-1/2"]
[WhiteTitle "IM"]
[BlackTitle "GM"]
[WhiteElo "2348"]
[BlackElo "2554"]
[WhiteTeam "Uzbekistan"]
[BlackTeam "India"]
[WhiteFideId "14200163"]
[BlackFideId "5008352"]
[EventDate "2016.03.28"]

1. e4 e5 2. Nf3 Nc6 3. Bc4 Bc5 4. O-O Nf6 5. d3 O-O 6. Nbd2 d6 7. c3 a6 8. Bb3
Ba7 9. h3 h6 10. Re1 Nh5 11. Nf1 Qf6 12. Ne3 Nf4 13. Ng4 Qg6 14. Bxf4 exf4 15.
d4 Bxg4 16. hxg4 Qxg4 17. Qd3 Rae8 18. Ba4 Re6 19. Nh2 Qg5 20. Nf3 Qg4 21. Nh2
Qg5 22. Nf3 1/2-1/2

[Event "Asian Nations Cup 2016"]
[Site "Abu Dhabi UAE"]
[Date "2016.04.04"]
[Round "8.1"]
[White "Gundavaa, Bayarsaikhan"]
[Black "Wang, Yue"]
[Result "1/2-1/2"]
[WhiteTitle "GM"]
[BlackTitle "GM"]
[WhiteElo "2517"]
[BlackElo "2718"]
[WhiteTeam "Mongolia"]
[BlackTeam "China"]
[WhiteFideId "4901045"]
[BlackFideId "8601429"]
[EventDate "2016.03.28"]

1. e4 e5 2. Nf3 Nc6 3. Nc3 Nf6 4. d4 exd4 5. Nxd4 Bb4 6. Nxc6 bxc6 7. Bd3 O-O 8.
O-O Re8 9. Re1 d6 10. Bg5 h6 11. Bh4 Rb8 12. e5 dxe5 13. Rxe5 Be6 14. Ne4 Be7
15. b3 Nd7 16. Bxe7 Qxe7 17. Ra5 Rbd8 18. Qd2 Bd5 19. Nc3 Ne5 20. Nxd5 Rxd5 21.
Rf1 Qd6 22. h3 c5 23. Qe2 Kf8 24. Be4 Ng6 25. Qf3 Nh4 26. Qg4 Rd4 27. Qxh4 Rexe4
28. Qh5 Re5 29. Qf3 Qb6 30. Qa8+ Re8 31. Qxa7 Rd2 32. c4 Ree2 33. Ra6 Qxa7 34.
Rxa7 Rxa2 35. Rxc7 Rab2 36. Rxc5 Rxb3 37. Rc8+ Re8 38. Rc7 g6 39. Rd1 Rb2 40. c5
Ree2 1/2-1/2

[Event "Asian Nations Cup 2016"]
[Site "Abu Dhabi UAE"]
[Date "2016.04.04"]
[Round "8.2"]
[White "Wei, Yi"]
[Black "Batchuluun, Tsegmed"]
[Result "1-0"]
[WhiteTitle "GM"]
[BlackTitle "GM"]
[WhiteElo "2714"]
[BlackElo "2460"]
[WhiteTeam "China"]
[BlackTeam "Mongolia"]
[WhiteFideId "8603405"]
[BlackFideId "4900847"]
[EventDate "2016.03.28"]

1. c4 Nf6 2. Nc3 e6 3. d4 Bb4 4. Nf3 c5 5. g3 cxd4 6. Nxd4 Ne4 7. Bd2 Nxc3 8.
Bxc3 Bxc3+ 9. bxc3 a6 10. Qa4 O-O 11. Bg2 Nc6 12. O-O Rb8 13. Rab1 Qc7 14. c5
Nxd4 15. Qxd4 Re8 16. Rb6 e5 17. Qd6 Qxd6 18. cxd6 e4 19. f4 f5 20. e3 h5 21.
Rd1 Kf7 22. Rd5 g6 23. h4 Ra8 24. Ra5 Kf6 25. Bf1 Ra7 26. Bc4 Ra8 27. Kf2 Ra7
28. Ke2 Ra8 29. Kd2 Ra7 30. Kc2 1-0

[Event "Asian Nations Cup 2016"]
[Site "Abu Dhabi UAE"]
[Date "2016.04.04"]
[Round "8.3"]
[White "Munkhgal, Gombosuren"]
[Black "Lu, Shanglei"]
[Result "0-1"]
[WhiteTitle "IM"]
[BlackTitle "GM"]
[WhiteElo "2419"]
[BlackElo "2620"]
[WhiteTeam "Mongolia"]
[BlackTeam "China"]
[WhiteFideId "4901266"]
[BlackFideId "8603332"]
[EventDate "2016.03.28"]

1. d4 d5 2. c4 e6 3. Nc3 c6 4. e4 dxe4 5. Nxe4 Bb4+ 6. Bd2 Qxd4 7. Bxb4 Qxe4+ 8.
Ne2 Na6 9. Bf8 Ne7 10. Bxg7 Nb4 11. Qd6 Nd3+ 12. Kd2 Nf5 13. Qxd3 Qxd3+ 14. Kxd3
Nxg7 15. Nc3 e5 16. Kc2 Bf5+ 17. Bd3 O-O-O 18. Bxf5+ Nxf5 19. Rad1 Nd4+ 20. Kc1
Rhg8 21. g3 f5 22. h3 h5 23. Rhe1 Nf3 24. Rxd8+ Kxd8 25. Rd1+ Ke7 26. Ne2 h4 27.
Rd3 e4 28. Rb3 Rb8 29. c5 Ke6 30. Nf4+ Kf6 31. a4 a5 32. gxh4 Nxh4 33. Rg3 Rh8
34. Kd2 Rd8+ 35. Ke2 Rd4 36. b3 Ke5 37. Ng6+ Nxg6 38. Rxg6 f4 39. Rg5+ Kf6 40.
Rg8 Rb4 41. h4 Rxb3 42. h5 Rh3 43. Rh8 Rh2 44. Ke1 Kg5 45. Rg8+ Kf5 46. Rg7 Rxh5
47. Rxb7 Kg4 48. Ke2 Rxc5 49. f3+ exf3+ 50. Kf2 Rc2+ 51. Kf1 f2 52. Rg7+ Kf3 53.
Rg3+ Ke4 54. Rb3 c5 55. Rb5 c4 56. Rc5 Ke3 57. Re5+ Kf3 58. Re3+ Kxe3 0-1

[Event "Asian Nations Cup 2016"]
[Site "Abu Dhabi UAE"]
[Date "2016.04.04"]
[Round "8.4"]
[White "Zhou, Jianchao"]
[Black "Bilguun, Sumiya"]
[Result "1-0"]
[WhiteTitle "GM"]
[BlackTitle "FM"]
[WhiteElo "2612"]
[BlackElo "2363"]
[WhiteTeam "China"]
[BlackTeam "Mongolia"]
[WhiteFideId "8603537"]
[BlackFideId "4901541"]
[EventDate "2016.03.28"]

1. e4 c5 2. Nf3 e6 3. d4 cxd4 4. Nxd4 a6 5. Bd3 Qc7 6. O-O Nf6 7. Qe2 d6 8. c4
Nbd7 9. f4 g6 10. f5 e5 11. Nc2 gxf5 12. Rxf5 Be7 13. Nc3 Nc5 14. Rf2 Be6 15.
Ne3 Rg8 16. Bd2 Qd7 17. Bc2 Bg4 18. Qf1 Qd8 19. Ned5 Nxd5 20. exd5 Bg5 21. Bxg5
Qxg5 22. b4 Qe3 23. bxc5 Qxc3 24. Ba4+ Kd8 25. Rxf7 Qd4+ 26. Kh1 dxc5 27. Rb1 1-0